000 00689nam a2200253Ia 4500
003 OSt
005 20221005091101.0
006 a|||||r|||| 00| 0
007 ta
008 221004b |||||||| |||| 00| 0 eng d
024 _a122282
037 _bGift, 27/10/2012,
_cTextual
040 _aCRL
_cCRL
_beng
041 _2eng
_aeng
082 _aB, L2
100 _aKline Morris
245 0 _aMathematical thought from ancient to modern times
260 _aNew York
_bOxford University Press U.S.A
_c1972
300 _a390p.
_ccm.
490 _vVol. 1
650 _aMATHEMATICS
942 _hB, L2
_cTEXL
_2cc
999 _c996762
_d996762